ANATOMY, PHYSIOLOGY AND HEALTH EDEUCTION. (Record no. 7961)

MARC details
000 -LEADER
fixed length control field 00303nam a2200121Ia 4500
082 ## - DEWEY DECIMAL CLASSIFICATION NUMBER
Classification number 611
Item number A 12 N
100 ## - MAIN ENTRY--PERSONAL NAME
Personal name N. KUMAR.
245 ## - TITLE STATEMENT
Title ANATOMY, PHYSIOLOGY AND HEALTH EDEUCTION.
260 ## - PUBLICATION, DISTRIBUTION, ETC. (IMPRINT)
Name of publisher, distributor, etc AITBS PUB.INDIA
Year of Publication 2012
300 ## - PAGE DESCRIPTION
No. of Pages 512
942 ## - ADDED ENTRY ELEMENTS (KOHA)
Source of classification or shelving scheme Dewey Decimal Classification
Koha item type Books
942 ## - ADDED ENTRY ELEMENTS (KOHA)
-- 1
Holdings
Withdrawn status Lost status Source of classification or shelving scheme Damaged status Not for loan Collection code Home library Current library Date acquired Vendor Name Cost, normal purchase price SGTU Bill Number Total Checkouts Full call number Accession No. (Barcode) Date last seen Bill Date Koha item type Date last borrowed
    Dewey Decimal Classification     AYURVEDA SGT FA-FP Library SGT FA-FP Library 14/09/2015 ABC DELHI 195.00 SGTU 5567   611 A 12 N FA2326 14/09/2015 31/03/2015 Books  
    Dewey Decimal Classification     AYURVEDA SGT FA-FP Library SGT FA-FP Library 14/09/2015 ABC DELHI 195.00 SGTU 5567 1 611 A 12 N FA2327 16/11/2015 31/03/2015 Books 31/10/2015
    Dewey Decimal Classification     AYURVEDA SGT FA-FP Library SGT FA-FP Library 14/09/2015 ABC DELHI 195.00 SGTU 5567   611 A 12 N FA2328 16/06/2016 31/03/2015 Books  
    Dewey Decimal Classification     AYURVEDA SGT FA-FP Library SGT FA-FP Library 14/09/2015 ABC DELHI 195.00 SGTU 5567   611 A 12 N FA2329 14/09/2015 31/03/2015 Books  
    Dewey Decimal Classification     AYURVEDA SGT FA-FP Library SGT FA-FP Library 14/09/2015 ABC DELHI 195.00 SGTU 5567 1 611 A 12 N FA2330 24/03/2017 31/03/2015 Books 23/03/2017
    Dewey Decimal Classification     AYURVEDA SGT FA-FP Library SGT FA-FP Library 14/09/2015 ABC DELHI 195.00 SGTU 5567 1 611 A 12 N FA2331 20/11/2017 31/03/2015 Books 18/11/2017
    Dewey Decimal Classification     AYURVEDA SGT FA-FP Library SGT FA-FP Library 14/09/2015 ABC DELHI 195.00 SGTU 5567 1 611 A 12 N FA2332 03/04/2023 31/03/2015 Books 29/03/2023